Človek 4.0 v centre pozornosti technológií
Digitalizácia prináša nové aspekty riadenia ľudí. Tieto aspekty súvisia nielen s meniacimi sa požiadavkami na pracovné profesie a so zručnosťami, ale najmä s novým prístupom k zamestnancom. Úloha človeka sa presunie na riadiace a kontrolné pracoviská s prevahou intelektuálne náročnejších činností. S...
Salvato in:
| Autore principale: | |
|---|---|
| Natura: | Capitolo di libro |
| Lingua: | slovacco |
| Soggetti: | |
| Tags: |
Nessun Tag, puoi essere il primo ad aggiungerne!!
|
MARC
| LEADER | 00000naa a2200000 4500 | ||
|---|---|---|---|
| 001 | 0246559 | ||
| 005 | 20180724075833.6 | ||
| 041 | 0 | |a slo | |
| 044 | |a SK | ||
| 245 | 1 | 0 | |a Človek 4.0 v centre pozornosti technológií |c Jaroslav Juriga |
| 520 | |a Digitalizácia prináša nové aspekty riadenia ľudí. Tieto aspekty súvisia nielen s meniacimi sa požiadavkami na pracovné profesie a so zručnosťami, ale najmä s novým prístupom k zamestnancom. Úloha človeka sa presunie na riadiace a kontrolné pracoviská s prevahou intelektuálne náročnejších činností. Spôsoby, ako zvládnuť zmenu pri zavádzaní digitalizácie procesov. | ||
| 610 | 2 | 0 | |a priemysel 4.0 |
| 610 | 2 | 0 | |a digitalizácia |
| 610 | 2 | 0 | |a technológie nové |
| 610 | 2 | 0 | |a výroba priemyselná |
| 610 | 2 | 0 | |a zdroje ľudské |
| 610 | 2 | 0 | |a riadenie ľudských zdrojov |
| 100 | 1 | |a Juriga, Jaroslav | |